000 00918nam a2200241 a 4500
001 83986
003 BD-RjUL
005 20240911100201.0
008 240911s1999 bg a|||| m||| 00| 0 eng d
035 _a(BD-RjUL)83986
040 _aBD-RjUL
_beng
_cBD-RjUL
_dBD-RjUL
041 _aeng
082 _223
_a657.9
_bRAP 1999
100 _aRazzaque, S.I.M.A.
_913492
245 1 0 _aProfitabilty Analysis of Sugar Industries In Bangladesh-A Case Study of Rajshahi Sugar Mills LTD. /
_cBy S.I.M.A. Razzaque ;
_6Supervisor : Syed Zabid Hossain
260 _aRajshahi :
_bDepartment of Accounting, University of Rajshahi,
_c1999
300 _axiii, 240 Leaves :
_bill, ;
_c29 cm.
502 _aThesis (Ph. D.) -- Department of Accounting, University of Rajshahi, 1999
504 _aBibliography : Leaves [215]-234
650 _aAccounting
_vSugar
_913493
700 _aHossain, Syed Zabid, Supervisor
_91794
942 _2ddc
_cTHE
999 _c83986
_d83986